| 000 | 01456nam a22004570a 4500 | ||
|---|---|---|---|
| 001 | UByD001983 | ||
| 003 | AR-LpoUNG | ||
| 005 | 20250206104720.0 | ||
| 008 | 230916s2022||||ag |||||||||||||||||spa d | ||
| 020 | _a9789876306157 | ||
| 040 |
_aAR-LpoUNG _bspa _cAR-LpoUNG _eaacr |
||
| 041 | 0 | _aspa | |
| 044 | _aag | ||
| 082 | 0 | _a982.063 818rep | |
| 100 | 1 | _aPontoriero, Esteban Damián | |
| 245 | 1 | 3 | _aLa represión militar en la Argentina (1955-1976) |
| 250 | _a1ra ed. | ||
| 260 |
_aBuenos Aires ; La Plata ; Posadas : _bUniversidad Nacional de General Sarmiento ; Universidad Nacional de La Plata. Facultad de Humanidades y Ciencias de la Educación ; Universidad Nacional de Misiones, _c2022. |
||
| 300 |
_a264 p. : _bfot. |
||
| 490 | 0 |
_aEntre los libros de la buena memoria ; _vno. 28 |
|
| 650 | 4 | _aARGENTINA | |
| 650 | 4 | _aANALISIS HISTORICO | |
| 650 | 4 | _aHISTORIA POLITICA | |
| 650 | 4 | _aASPECTOS POLITICOS | |
| 650 | 4 | _aCONFLICTOS SOCIALES | |
| 650 | 4 | _aDICTADURA | |
| 650 | 4 | _aGOBIERNO MILITAR | |
| 650 | 4 | _aGOLPES DE ESTADO | |
| 650 | 4 | _aPOLITICA | |
| 650 | 4 | _aTERRORISMO | |
| 650 | 4 | _aVIOLENCIA | |
| 650 | 4 | _aGOBIERNO | |
| 650 | 4 | _aFUERZAS ARMADAS | |
| 650 | 4 | _aASPECTOS JURIDICOS | |
| 653 | 0 | _aPROCESO DE REORGANIZACION NACIONAL | |
| 653 | 0 | _aTERRORISMO DE ESTADO | |
| 653 | 0 | _aREPRESION | |
| 856 | 4 | 0 |
_uhttps://repositorio.ungs.edu.ar/handle/UNGS/1057 _yTexto completo |
| 905 | _a21226 | ||
| 942 |
_cLIB _2ddc |
||
| 999 |
_c64496 _d64496 |
||